00514nam a2200205Ia 4500003000400000005001700004008004100021020001800062040000700080041000800087082001900095100002200114245004900136250000600185260003800191300001600229365001400245650003400259650001500293OSt20230418111737.0210423s2007 xx 000 0 und d a9780393930542 cAL aeng a153.4 REID223 aREISBERG (Daniel) aCognition: exploring the science of the mind a3 aNew YorkbW W Norton & Co.,c2007 axvi,529bHB b1995cINR aMental Process & Intelligence aPsychology